00473nam a2200157Ia 4500008004100000020001400041082001800055100004400073245006000117250000800177260004100185300002800226500001900254600002700273650001500300240925s9999 xx 000 0 und d a471517348 a621.31042 MCP aMcpherson, George ; Laramore, Robert D. 3aAn Introduction to Electrical Machines and Transformers a2nd aNew York:bJohn Wiley & Sonsc,1990. axix,372p.bNAfOriginal aIncludes Index aElectrical Engineering aTechnology